[Event "RUS-ch Rapid Men 2018"]
[Site "Sochi"]
[Date "2018.10.06"]
[Round "7"]
[White "Usmanov, Vasily"]
[Black "Gorbatov, Alexej"]
[Result "1-0"]
[WhiteElo "2453"]
[BlackElo "2389"]
[Annotator "TA"]
[PlyCount "50"]
[EventDate "2018.10.05"]
[EventType "swiss"]
[EventCountry "RUS"]
[SourceTitle "playchess.com"]
[Source "ChessBase"]
[SourceQuality "1"]

{[%evp 9,50,36,38,40,36,37,52,54,50,49,49,50,42,36,41,0,0,0,2,-12,0,-5,33,39,66,65,57,64,60,54,87,70,70,70,72,76,84,77,187,20,744,737,1007]} 1. d4 a6 2. g3 (2. e4 e6 3. Nf3 d5 4. Nbd2 Nf6 5. e5 Nfd7 6. Bd3 c5 7. c3 Nc6 8. O-O g5 9. dxc5 g4 10. Nd4 Ndxe5 11. N2b3 Nxd3 12. Qxd3 e5 13. Re1 Bg7 14. Nxc6 bxc6 15. Nd4 Qf6 {½-½ (43) Sokolov,I (2625)-Bauer,C (2630) Maastricht 2017}) 2... e6 3. Bg2 c5 4. d5 exd5 $146 ({Predecessor:} 4... Nf6 5. c4 exd5 6. cxd5 d6 7. a4 Be7 8. Nc3 O-O 9. e4 Nbd7 {0-1 (51) Demac,E (1993)-Vea,O (2169) Gibraltar 2009}) 5. e3 Nc6 6. Ne2 {A40: Unusual replies to 1 d4} Nf6 7. Nbc3 Be7 8. Nxd5 {White is slightly better.} Nxd5 9. Qxd5 d6 10. Nf4 g5 11. Nh5 Rg8 12. Qe4 {And now Nf6+ would win.} Rg6 $1 13. c4 Be6 14. Bd2 Qd7 $1 15. Bc3 f6 (15... Bf5 $5 16. Qd5 $8 Be6 $11) 16. h4 {Hoping for hxg5.} O-O-O 17. hxg5 fxg5 18. Ng7 Bg8 19. O-O-O $1 $36 {[%mdl 2048] White has good play.} Bf8 20. Nf5 Re8 21. Qd3 g4 22. Bd5 Bxd5 23. Qxd5 Ne5 (23... Rge6 $16 {is a better defense.}) 24. e4 $2 {[#]} ({White should play} 24. Bxe5 $1 $18 Qxf5 25. Rxh7) 24... Kb8 $2 {[%mdl 8192]} (24... Nf3 $11) 25. Bxe5 $18 Kc8 {Precision: White = 63%, Black = 42%.} 1-0

[Event "RUS-ch Rapid Men 2018"]
[Site "Sochi"]
[Date "2018.10.06"]
[Round "7"]
[White "Oganian, Miran"]
[Black "Yuffa, Daniil"]
[Result "1-0"]
[WhiteElo "2435"]
[BlackElo "2563"]
[Annotator "TA"]
[PlyCount "77"]
[EventDate "2018.10.05"]
[EventType "swiss"]
[EventCountry "RUS"]
[SourceTitle "playchess.com"]
[Source "ChessBase"]
[SourceQuality "1"]

{[%evp 9,77,0,0,0,0,0,6,0,0,-4,4,0,19,1,-9,-15,-12,-26,-18,-16,-18,-30,-20,-21,-4,-4,-8,-16,0,0,18,0,9,-20,-27,-38,-29,-29,-7,-128,-129,-118,15,-182,-183,-147,0,-81,-81,-201,-193,-386,-380,-335,-345,-368,-346,-330,-356,-352,-302,-305,61,-136,29984,29985,29997,29998,29998,29999]} 1. b3 e5 2. Bb2 Nc6 3. e3 g6 4. d4 Bg7 5. Nf3 e4 6. Nfd2 {A01: Nimzowitsch-Larsen Opening} f5 7. c4 Nf6 8. Nc3 {The position is equal.} O-O 9. Be2 d6 10. O-O g5 11. f3 exf3 12. Rxf3 $146 ({Predecessor:} 12. Bxf3 Ne7 {0-1 (31) Yudin,S (2524)-Andreikin,D (2723) Sochi 2015}) 12... f4 13. Nf1 Bg4 14. Rf2 Bxe2 15. Rxe2 Qd7 16. exf4 {aiming for d5.} gxf4 17. Qd3 d5 18. Rd1 Rad8 19. Qf3 Rf7 20. cxd5 Nb4 21. Qxf4 Nfxd5 22. Qg3 Nf4 $1 {[%cal Rf4e2][%mdl 1024] Black has compensation.} 23. Re4 Rdf8 {White must now prevent ...Nfd3.} 24. Ba3 (24. h3 $1 $11 {remains equal.}) 24... c5 $17 25. h3 ({Don't go for} 25. dxc5 $2 Qxd1 $1 {[%mdl 512]} 26. h4 Ne2+ $1 {[%mdl 512]} 27. Kh2 Nxg3 $19) 25... Qf5 (25... Qc6 $1 $17 26. Nd2 Rf6) 26. Re5 $2 (26. Kh2 $1 $11) 26... Qc2 $1 $19 27. Kh2 {Strongly threatening Ne3.} Nxa2 ({Black should try} 27... Nbd3 $1 $17 {[%cal Rd3e5]} 28. Re3 (28. Bxc5 Nxe5 29. Bxf8 Ne2 $17) 28... Nh5) 28. Rd2 (28. Bxc5 $11 Nxc3 29. Bxf8 Rxf8 30. Rd2) 28... Qxc3 $17 29. Re3 (29. Rxc5 $17 Qa1 30. Ne3) 29... Qa5 $1 $19 {[%cal Ra5a3]} 30. Bxc5 $2 (30. Rxa2 Kh8 31. Qe1) 30... Nh5 31. Qg4 Rxf1 32. Bxf8 Rxf8 33. Rc2 Nf6 34. Qe6+ Kh8 {And now ...Qd8 would win.} 35. Rg3 {next Qe7 is good for White.} Nb4 $2 {[#]} ({Better is} 35... Bh6 $19 {Threatens to win with ...Qd8.} 36. Rf2 Qd5 37. Rxf6 Qxe6 38. Rxe6 Bf4) 36. Rc8 $2 (36. Qe7 $1 $14 {[%mdl 512]} Bh6 {[#]} 37. Rc8 $1 {[%mdl 512]} Ng4+ 38. Rxg4) 36... Nbd5 $2 {[%mdl 8192] [#]} (36... Rxc8 $17 37. Qxc8+ Ng8) 37. Qf7 $1 {[%csl Gg3][%cal Rf7g7][%mdl 512] White mates.} Qc7 38. Rxf8+ Bxf8 39. Qxf8+ {Precision: White = 43%, Black = 46%.} 1-0

[Event "RUS-ch Rapid Men 2018"]
[Site "Sochi"]
[Date "2018.10.06"]
[Round "7"]
[White "Malakhov, Igor"]
[Black "Kryakvin, Dmitry"]
[Result "0-1"]
[WhiteElo "2423"]
[BlackElo "2595"]
[Annotator "TA"]
[PlyCount "78"]
[EventDate "2018.10.05"]
[EventType "swiss"]
[EventCountry "RUS"]
[SourceTitle "playchess.com"]
[Source "ChessBase"]
[SourceQuality "1"]

{[%evp 31,78,0,0,-43,-51,-47,-33,-30,-31,-31,-25,-74,-80,-83,-83,-131,-117,-125,-118,-127,-124,-256,-175,-292,-329,-662,-650,-753,-755,-740,-722,-756,-526,-518,-511,-535,-552,-526,-488,-981,-969,-986,-970,-1107,-957,-5713,-5218,-5314,-5155]} 1. e4 c5 2. Nf3 d6 3. d4 cxd4 4. Nxd4 Nf6 5. Nc3 Nc6 6. Bc4 e6 7. Bb3 Be7 8. O-O O-O 9. Be3 Bd7 10. f4 Nxd4 11. Bxd4 Bc6 12. Qe2 b5 13. Nxb5 Bxb5 14. Qxb5 Nxe4 15. f5 e5 {B88: Sicilian: Sozin Attack} 16. Be3 Bg5 {LiveBook: 4 Games} 17. Qe2 (17. Bxg5 {is more complex.} Qxg5 18. Qd3 Nf6 19. Qxd6 Qe3+ 20. Kh1) 17... Bxe3+ {Black is slightly better.} 18. Qxe3 Nf6 $1 19. Rad1 Qc7 20. h3 a5 {[%cal Ba7a5,Ba5a4][%mdl 32] [#]} 21. Rf2 $146 ({Predecessor:} 21. a4 Rab8 22. Rf2 Qb6 23. Re2 Rfc8 24. g4 {½-½ (24) Chandler,M (2560)-Rachels,S (2475) Manila 1990}) 21... a4 $36 {[%mdl 2048] Keeping White busy.} 22. Bd5 Ra5 ({Of course not} 22... Nxd5 $6 23. Rxd5 f6 24. Qd3 $11) 23. Bf3 e4 24. Be2 Qxc2 25. Rxd6 Qxb2 26. g4 (26. Bc4 $17 Qe5 27. Qd4) 26... Qe5 27. Rd4 (27. Qd4 {might work better.}) 27... h6 $19 28. Bd1 $2 {[#]} (28. Rd1) 28... Rd5 {Black is clearly winning.} 29. Rfd2 Rfd8 {[%cal Rd5d4]} 30. Rxd5 Nxd5 31. Qe1 Ra8 32. Bf3 Nf6 {White must now prevent ...Qc5+.} 33. Bg2 Rb8 34. Re2 Rb2 35. Kh1 (35. Rxb2 $142 Qxb2 36. Qf2 Qa1+ 37. Kh2) 35... a3 36. Bf1 Kh7 37. Rg2 e3 38. Re2 Ne4 39. Kg2 Nc3 {Precision: White = 30%, Black = 86%.} 0-1

[Event "RUS-ch Rapid Men 2018"]
[Site "Sochi"]
[Date "2018.10.06"]
[Round "7"]
[White "Pogromsky, Mikhail"]
[Black "Orlinkov, Maxim L."]
[Result "1-0"]
[WhiteElo "2415"]
[BlackElo "2293"]
[Annotator "NA RC"]
[PlyCount "95"]
[EventDate "2018.10.05"]
[EventType "swiss"]
[EventCountry "RUS"]
[SourceTitle "playchess.com"]
[Source "ChessBase"]
[SourceQuality "1"]
[TimeControl "900+10"]

1. Nf3 {[%emt 0:00:00]} d6 {[%emt 0:00:17]} 2. d4 {[%emt 0:00:00]} Bg4 {[%emt 0:00:02]} 3. Qd3 {[%emt 0:00:40]} c6 {[%emt 0:00:22]} 4. g3 {[%emt 0:00:17]} Nf6 {[%emt 0:00:30]} 5. Bg2 {[%emt 0:00:02]} e6 {[%emt 0:00:05]} 6. c4 {[%emt 0:00:23]} Nbd7 {[%emt 0:00:48]} 7. Nc3 {[%emt 0:00:07]} d5 {[%emt 0:00:36]} 8. cxd5 {[%emt 0:00:15]} cxd5 {[%emt 0:01:12]} 9. Bf4 {[%emt 0:00:08]} a6 {[%emt 0:00:28]} 10. O-O {[%emt 0:00:31]} Be7 {[%emt 0:02:25]} 11. Rfc1 {[%emt 0:00:34]} O-O {[%emt 0:00:29]} 12. Na4 {[%emt 0:01:02]} b5 {[%emt 0:02:57]} 13. Bc7 {[%emt 0:00:56]} Qe8 {[%emt 0:00:08]} 14. Nb6 {[%emt 0:00:08]} Nxb6 {[%emt 0:00:06]} 15. Bxb6 {[%emt 0:00:01]} Bxf3 {[%emt 0:00:49]} 16. Bxf3 {[%emt 0:00:29]} Rc8 {[%emt 0:00:33]} 17. a4 {[%emt 0:01:22]} Rc4 {[%emt 0:01:46]} 18. Ba5 {[%emt 0:05:11]} Qc6 {[%emt 0:00:51]} 19. Bd2 {[%emt 0:00:11]} Qb6 {[%emt 0:02:07]} 20. e3 {[%emt 0:01:05]} Rxa4 {[%emt 0:01:03]} 21. Rxa4 {[%emt 0:01:32]} bxa4 {[%emt 0:00:04]} 22. Qc2 {[%emt 0:00:28]} Bb4 {[%emt 0:00:38]} 23. Bxb4 {[%emt 0:02:39]} Qxb4 {[%emt 0:00:01]} 24. Ra1 {[%emt 0:00:00]} Rb8 {[%emt 0:00:27]} 25. Rxa4 {[%emt 0:00:04]} Qxb2 {[%emt 0:00:02]} 26. Qxb2 {[%emt 0:00:08]} Rxb2 {[%emt 0:00:01]} 27. Rxa6 {[%emt 0:00:01]} g5 {[%emt 0:00:12]} 28. g4 {[%emt 0:00:02]} Kg7 {[%emt 0:00:19]} 29. Kg2 {[%emt 0:00:03]} h6 {[%emt 0:00:09]} 30. Ra1 {[%emt 0:00:15]} h5 {[%emt 0:00:16]} 31. h3 {[%emt 0:00:14]} h4 {[%emt 0:00:03]} 32. Re1 {[%emt 0:00:03]} Rd2 {[%emt 0:00:02]} 33. Re2 {[%emt 0:00:02]} Rxe2 {[%emt 0:00:08]} 34. Bxe2 {[%emt 0:00:01]} Ne4 {[%emt 0:00:09]} 35. Bd3 {[%emt 0:00:08]} Nd6 {[%emt 0:00:14]} 36. f4 {[%emt 0:00:31]} Kf6 {[%emt 0:00:20]} 37. Kf3 {[%emt 0:00:04]} Ne8 {[%emt 0:00:08]} 38. Bc2 {[%emt 0:00:48]} Nd6 {[%emt 0:00:02]} 39. Bd3 {[%emt 0:00:02]} Ne8 {[%emt 0:00:01]} 40. Ke2 {[%emt 0:00:10]} Nd6 {[%emt 0:00:08]} 41. Kd2 {[%emt 0:00:02]} Nc8 {[%emt 0:00:17]} 42. Kc3 {[%emt 0:00:05]} Nd6 {[%emt 0:00:15]} 43. Kb4 {[%emt 0:00:25]} Ne8 {[%emt 0:00:28]} 44. Kc5 {[%emt 0:00:06]} Ng7 {[%emt 0:00:05]} 45. Kd6 {[%emt 0:00:05]} Ne8+ {[%emt 0:00:04]} 46. Kd7 {[%emt 0:00:06]} Ng7 {[%emt 0:00:01]} 47. Bc2 {[%emt 0:00:25]} gxf4 {[%emt 0:00:27]} 48. exf4 {[%emt 0:00:02]} 1-0

[Event "RUS-ch Rapid Men 2018"]
[Site "Sochi"]
[Date "2018.10.06"]
[Round "7"]
[White "Bykov, Oleg"]
[Black "Gordievsky, Dmitry"]
[Result "1/2-1/2"]
[WhiteElo "2411"]
[BlackElo "2615"]
[Annotator "TA"]
[PlyCount "139"]
[EventDate "2018.10.05"]
[EventType "swiss"]
[EventCountry "RUS"]
[SourceTitle "playchess.com"]
[Source "ChessBase"]
[SourceQuality "1"]

{[%evp 25,139,70,83,-19,-16,-18,-26,-33,-29,-19,0,-31,-24,0,0,-56,-48,-58,-56,-72,-31,-18,-8,-8,-9,-8,-17,-19,-16,-70,-43,-62,0,0,0,-8,-7,-53,-60,-52,-53,-44,29,-22,-5,-51,-41,-60,-15,-11,15,23,23,0,6,0,12,12,65,44,39,0,0,0,34,50,35,0,0,0,0,0,0,0,0,0,0,0,81,1,429,414,438,371,357,314,314,314,314,314,314,314,370,239,1044,945,1807,1000,1249,992,1205,1045,5085,0,710,0,5069,5069,4133,0,0,0,0,0,0,0]} 1. d4 Nf6 2. c4 g6 3. Nc3 Bg7 4. e4 d6 5. Nf3 O-O 6. Be2 Na6 7. O-O e5 8. Be3 c6 9. d5 Ng4 10. Bg5 f6 11. Bh4 c5 12. Ne1 h5 {E94: King's Indian: Classical: 6 Be2 e5 7 0-0: Various Black 7th moves} (12... Nh6 13. f3 Nf7 14. Rb1 h5 15. Nd3 Bh6 16. Bf2 Bd7 17. b4 b6 18. bxc5 Nxc5 19. a4 a5 20. Qc2 {1-0 (67) So,W (2822)-Shimanov,A (2642) chess.com INT 2017}) 13. Nd3 Bd7 {LiveBook: 4 Games} 14. Bg3 $146 (14. a3 $16) ({Predecessor:} 14. Rb1 Nb4 15. Nc1 g5 16. Bg3 f5 17. a3 f4 18. Bxg4 Bxg4 19. f3 fxg3 20. fxg4 gxh2+ 21. Kxh2 Rxf1 22. Qxf1 {0-1 (43) Checa,N (2478)-Rohde,M (2336) Greensboro 2018}) 14... f5 $1 $11 {Black wants to play ...f4.} 15. exf5 gxf5 16. h3 h4 17. hxg4 hxg3 18. gxf5 Bxf5 19. fxg3 Qg5 {Strongly threatening ...e4.} 20. g4 (20. Nf2 $1 $11) 20... Bg6 $1 $15 21. Nf2 Nb4 22. Qc1 Qh4 23. Nce4 {[#]} Rxf2 $1 {[%mdl 512]} 24. Nxf2 Nc2 {Hoping for ...Bh6.} 25. Nh3 $1 Nxa1 26. Qxa1 e4 27. Qc1 (27. Qe1 $1 $11 Qxe1 28. Rxe1) 27... e3 28. Kh1 Be4 (28... Re8 $15 29. Qe1 Qxe1 30. Rxe1 Bxb2) 29. Qxe3 $11 Re8 {( -> ...Bxg2+)} 30. Bf3 Bg6 31. Qg5 Qxg5 32. Nxg5 Bxb2 {...Bd3 is the strong threat.} 33. Ne6 Be5 (33... Bd3 $15 34. Rd1 Bxc4) 34. g5 (34. Be2 $142) 34... Bd3 35. Rc1 Re7 {[%mdl 1024] Black has compensation.} 36. Kg1 Rh7 37. Kf2 Rh4 38. Be2 Bg6 39. Rd1 Kf7 40. Ke3 Ke7 41. Bd3 Be8 ({Black should try} 41... Bf7 $11) 42. Rb1 b6 43. Kf3 Bh5+ 44. Ke3 Rg4 {White must now prevent ...Rg3+.} 45. Rh1 Bd4+ 46. Kd2 Rxg2+ 47. Kc1 Be3+ 48. Kb1 Rg1+ 49. Rxg1 Bxg1 {[%mdl 4096] Endgame KBB-KBN} 50. Nc7 Bd4 51. Kc2 Bf7 (51... Be3 $11 {keeps the balance.}) 52. g6 (52. Nb5 $16) 52... Bg8 $2 {[%mdl 8192]} (52... Be8 $1 $11 {and Black stays safe.}) 53. Kb3 $18 Be5 54. Bf5 Kd8 55. Nb5 a6 56. Na7 $1 {[%cal Ra7c6]} Ke7 57. Be4 Kd7 58. a4 Ba1 59. Bf5+ Kc7 $2 (59... Ke7 60. Nc8+ Kf6) 60. Be6 Bxe6 61. dxe6 {[%cal Bd5e6,Be6e7][%mdl 32] KB-KN} Bf6 62. a5 bxa5 63. Ka4 Bc3 64. Kb3 (64. e7 $142 Kd7 65. Nc8) 64... Bf6 {[#]} 65. Ka4 (65. Nb5+ $142 $1 {[%mdl 512]} Kd8 (65... axb5 66. cxb5) 66. Nxd6) 65... Bc3 $1 66. e7 Kd7 {[#]} 67. Nc6 $2 ({White must play} 67. Nc8 $1 $18 {[%mdl 512] next Nb6+ is good for White.} Ke8 (67... Kxc8 68. e8=Q+) 68. Nb6) 67... Ke8 $11 {The position is equal.} 68. Kb3 Bf6 69. Ka4 Bc3 70. Kb3 {Precision: White = 54%, Black = 42%.} 1/2-1/2

[Event "RUS-ch Rapid Men 2018"]
[Site "Sochi"]
[Date "2018.10.06"]
[Round "7"]
[White "Truskavetsky, Alexandr"]
[Black "Demchenko, Anton"]
[Result "0-1"]
[WhiteElo "2393"]
[BlackElo "2679"]
[Annotator "TA"]
[PlyCount "64"]
[EventDate "2018.10.05"]
[EventType "swiss"]
[EventCountry "RUS"]
[SourceTitle "playchess.com"]
[Source "ChessBase"]
[SourceQuality "1"]

{[%evp 25,64,33,20,4,24,22,12,0,0,0,0,15,16,0,0,-31,14,-29,14,9,34,24,0,-21,-9,-22,-5,-48,-82,-473,-467,-29994,-29995,-29995,-29996,-29996,-29997,-29997,-29998,-29998,-29999]} 1. d4 Nf6 2. c4 g6 3. g3 Bg7 4. Bg2 O-O 5. Nc3 d6 6. Nf3 Nbd7 {[%cal Bb8d7,Bd7c5,Bc5e4][%mdl 32]} 7. O-O e5 8. h3 exd4 9. Nxd4 Re8 10. b3 Nc5 11. Bb2 {E67: King's Indian: Fianchetto: 6...Nbd7} c6 12. Qc2 a5 {[%cal Ba7a5,Ba5a4,Ba4a3][%mdl 32]} 13. Rad1 Qe7 {LiveBook: 3 Games} 14. Rfe1 (14. e3 h5 15. Rfe1 Nfe4 16. Nxe4 Nxe4 17. Nf3 Bxb2 18. Qxb2 a4 19. Nd2 Qf6 20. Qxf6 Nxf6 {½-½ (54) Malakhov,V (2709)-Moranda,W (2559) Warsaw 2012}) 14... Nfe4 $146 ({Predecessor:} 14... Bd7 15. e4 Rad8 16. a3 Bc8 17. b4 axb4 18. axb4 Ne6 19. Nce2 Qc7 20. Nxe6 Bxe6 {1-0 (47) Karavade,E (2384)-Zozulia,A (2316) Riadh 2017}) 15. Nxe4 Nxe4 16. e3 a4 17. b4 a3 18. Ba1 h5 19. Qb3 Bd7 20. Qc2 Kh7 21. Rd3 h4 22. g4 f5 23. gxf5 gxf5 {[%cal Bg6f5,Bf5e4][%mdl 32]} 24. Qd1 Qf7 $36 {[%mdl 2048] White should prevent ...Rg8. Black has good play.} 25. Ne2 Bh6 {aiming for ...Rg8.} 26. f3 Rg8 $1 {White must now prevent ...f4.} 27. fxe4 $4 {[%mdl 8192]} (27. Nf4 $17 Bxf4 28. fxe4) 27... fxe4 $19 {( -> ...Rxg2+!)} ({Not} 27... Qg6 28. Nf4 $15) 28. Rxd6 {[#]} (28. Rf1 $19 Rxg2+ 29. Kh1) 28... Rxg2+ $1 {[%mdl 512] Black mates.} 29. Kh1 {[#]} (29. Kxg2 Qf3+) 29... Rh2+ $1 {[%mdl 512]} 30. Kxh2 Qf2+ 31. Kh1 Qf3+ 32. Kh2 Qxh3+ {Precision: White = 35%, Black = 73%.} 0-1

[Event "RUS-ch Rapid Men 2018"]
[Site "Sochi"]
[Date "2018.10.06"]
[Round "7"]
[White "Rozhko, Dmitry"]
[Black "Lugovskoy, Maxim"]
[Result "0-1"]
[WhiteElo "2305"]
[BlackElo "2428"]
[Annotator "TA"]
[PlyCount "113"]
[EventDate "2018.10.05"]
[EventType "swiss"]
[EventCountry "RUS"]
[SourceTitle "playchess.com"]
[Source "ChessBase"]
[SourceQuality "1"]

{[%evp 15,113,7,11,20,12,-41,-39,-32,-37,-43,9,-7,4,0,28,26,41,0,0,-60,16,0,20,-10,-18,-61,-8,-20,-23,-22,-20,-13,-21,-45,-33,-41,-34,-46,-8,-56,-4,-4,-4,-7,-4,-4,-2,-7,-2,-14,-14,-14,-14,-14,-14,-14,0,0,0,0,0,0,-7,-14,-14,-14,-14,-14,0,0,0,-14,0,0,0,0,0,0,0,0,0,0,0,-8,-8,-9,0,0,0,0,236,219,193,179,150,0,-8,-8,305,339]} 1. e4 e6 2. d4 d5 3. Nc3 Bb4 4. exd5 exd5 5. Bd3 Nc6 6. Nge2 Nge7 7. O-O Bg4 8. f3 Bf5 {LiveBook: 13 Games} 9. Be3 {C01: French: Exchange Variation} (9. a3 Bxc3 10. bxc3 O-O 11. Ng3 Bg6 12. f4 f5 13. Re1 Qd7 14. c4 dxc4 15. Bxc4+ Bf7 16. Bxf7+ Rxf7 17. c3 Na5 18. Qd3 c5 19. Ra2 c4 20. Qf3 Qc6 21. Qh5 Qg6 22. Qf3 Qc6 23. Qh5 {½-½ (23) Okhotnik,V (2453)-Torma,R (2472) Balatonboglar 2016}) 9... Qd7 10. Ng3 (10. a3 $11 Bxc3 11. Nxc3) 10... Bxc3 $146 ({Predecessor:} 10... Bxd3 11. Qxd3 O-O 12. Nce2 Bd6 13. c3 Rfe8 14. Rae1 a6 15. f4 f5 16. Kh1 g6 {1-0 (40) Volkov,S (2294)-Gusev,D (2149) Kimry 2017}) 11. bxc3 {Black is slightly better.} Bxd3 12. cxd3 O-O (12... h5 $15) 13. Qd2 Nf5 14. Bf2 Nd6 15. Qg5 f5 16. Rfe1 h6 17. Qd2 (17. Qh5 $11) 17... Rae8 (17... f4 $15 18. Nf1 a5) 18. Rxe8 Rxe8 19. Re1 Rxe1+ 20. Qxe1 Qe7 (20... f4 $15 21. Ne2 Qf5) 21. Kf1 (21. Qd2 {is interesting.} g5 22. f4 g4 23. h3 gxh3 24. gxh3 a5 25. Nf1) 21... Qxe1+ 22. Kxe1 $11 {[%mdl 4096] Endgame KBN-KNN} Kf7 23. Be3 g5 24. Ne2 Kg6 25. g4 Nd8 26. h3 Ne6 27. Kf2 Ne8 ({Black should try} 27... f4 $15 28. Bc1 b6) 28. f4 Nd6 29. Kg3 c6 30. Kf3 a5 31. Ng3 (31. Bd2 {keeps more tension.} Nd8 32. Ng3 b6 33. Ne2 Ne6 34. Be3) 31... a4 (31... fxg4+ {feels hotter.} 32. Kxg4 h5+ 33. Kf3 gxf4 34. Bxf4 Nc8) 32. fxg5 hxg5 33. gxf5+ Nxf5 34. Nxf5 Kxf5 {KB-KN} 35. Bd2 b5 36. Be3 Nf8 37. Kg3 Nd7 38. Kf3 Kg6 39. Kg4 Nf6+ 40. Kf3 Kh5 41. Bf2 Kg6 42. Bg3 Kf5 43. Be5 Nd7 44. Bd6 $1 Ke6 45. Bc7 c5 46. dxc5 Nxc5 47. Ke3 Kf5 48. Bd6 Ne6 49. Bg3 Nf4 50. h4 $1 d4+ 51. Kxd4 {Black should prevent Bxf4.} Ne2+ 52. Kc5 g4 $2 {[#]} (52... Nxg3 $11 {and Black is okay.} 53. hxg5 Ne2) 53. Be1 $1 $18 Nc1 54. Kxb5 {Black must now prevent c4.} a3 {[#]} 55. c4 $2 (55. Ka4 $1 $16) 55... Nxa2 $11 56. c5 {[%cal Bc4c5,Bc5c6][%mdl 32]} g3 $2 {[%mdl 8192]} (56... Nc1 $11 57. c6 Ke6) 57. c6 {[%mdl 32768] Precision: White = 51%, Black = 40%. . Loss on Time!?} 0-1

[Event "RUS-ch Rapid Men 2018"]
[Site "Sochi"]
[Date "2018.10.06"]
[Round "7"]
[White "Linker, Mikhail"]
[Black "Chekhov, Sergei"]
[Result "0-1"]
[WhiteElo "2269"]
[BlackElo "2463"]
[Annotator "TA"]
[PlyCount "116"]
[EventDate "2018.10.05"]
[EventType "swiss"]
[EventCountry "RUS"]
[SourceTitle "playchess.com"]
[Source "ChessBase"]
[SourceQuality "1"]

{[%evp 18,116,28,33,40,13,18,16,21,15,28,-39,13,0,42,35,112,36,66,53,27,55,42,25,48,69,89,36,26,27,28,17,37,27,28,25,27,22,115,113,60,0,0,0,0,0,0,0,0,0,0,-135,-94,-189,-189,-177,-178,-165,-169,-215,-203,-236,-239,-330,-254,-365,-370,-562,-520,-675,-462,-522,-458,-456,-464,-583,-383,-570,-570,-29960,-5218,-29965,-29966,-29959,-12649,-4590,-4134,-29980,-29981,-29981,-29980,-29980,-29981,-29982,-29979,-29979,-29979,-29980,-29980,-29980,-29980]} 1. Nf3 Nf6 2. d4 e6 3. c4 b6 4. g3 Bb7 5. Bg2 Be7 6. O-O O-O 7. Nc3 Na6 8. b3 Ne4 {E18: Queen's Indian: Old Main Line (4 g3 Bb7 5 Bg2 Be7 6 0-0 0-0 7 Nc3)} (8... d5 9. Qc2 c5 10. cxd5 Nxd5 11. Nxd5 Bxd5 12. Rd1 cxd4 13. Nxd4 Rc8 14. Qd2 Bb4 15. Qd3 Bc3 16. Ba3 Bxa1 17. Bxf8 Bxd4 18. Qxa6 Bxg2 {1-0 (58) Wang,Y (2703)-Tiviakov,S (2643) Khanty-Mansiysk 2007}) 9. Bb2 Nxc3 10. Bxc3 {LiveBook: 5 Games} c5 {White is slightly better.} 11. d5 exd5 12. cxd5 d6 13. e4 Nc7 14. a4 $146 (14. Re1 $11) ({Predecessor:} 14. Nd2 f5 15. exf5 Nxd5 16. Bb2 Qd7 17. Nc4 Nf6 18. Bxb7 Qxb7 19. Nxd6 Qd7 20. Bxf6 Rxf6 21. Qd5+ Kf8 22. Qxa8+ {1-0 (22) Ortega,L (2473)-Dritsakos,A (1971) Arvier 2010}) 14... Bf6 (14... f5 $15) 15. Qd2 Re8 16. Rfe1 b5 (16... Na6 $14) 17. Rad1 (17. Bxf6 $16 Qxf6 18. Qa5) 17... bxa4 18. bxa4 Bxc3 19. Qxc3 Qd7 20. Qc2 Na6 21. e5 Nb4 22. Qb3 (22. Qb1 $16 {Threatens to win with Ng5.} h6 23. Qb3) 22... Rab8 $14 23. e6 fxe6 24. dxe6 Qe7 25. h4 d5 26. Ng5 h6 27. Nf7 d4 {[#]} (27... Bc6 $11 {remains equal.}) 28. Bxb7 $1 $16 Rxb7 29. Qb1 ({White should play} 29. f4 $14) 29... d3 $11 30. Rxd3 Nxd3 31. Qxd3 Rb6 $36 {[%mdl 2048] Black is pushing.} 32. Qg6 {Nxh6+ is the strong threat.} Qf6 33. Nxh6+ $1 Kf8 34. Qxf6+ (34. Qh5 $1 $11 gxh6 35. Re5) 34... gxf6 {[%mdl 4096] Endgame KRR-KRN} 35. Nf5 (35. Rc1 $17 {keeps fighting.}) 35... Rbxe6 $19 ({Don't take} 35... Rexe6 36. Rc1 $17) 36. Ne3 {[#]} c4 $1 {[%mdl 512]} 37. Rc1 (37. Nxc4 Rxe1+) 37... Rc8 38. Rc3 {[#]} Ra6 $1 39. Nd5 Kf7 40. h5 Ra5 41. Nf4 (41. Ne3 $142) 41... Rxa4 42. g4 (42. Nd5 {was called for.}) 42... Rb4 43. Ra3 Rb7 44. Nd5 Rc5 45. Nc3 a5 46. Ne4 Rc6 47. Rxa5 (47. Kg2 $142) 47... c3 48. Ra2 c2 49. Rxc2 Rb1+ 50. Kg2 Rxc2 51. Kg3 Rb4 52. f3 {[#]} Rxe4 $1 {Black mates.} 53. fxe4 {KR-K3P} Re2 54. Kf3 Re1 55. Kf4 Kg7 56. Kf5 Rf1+ 57. Ke6 Kh6 58. Kf7 Rf4 {Precision: White = 25%, Black = 62%.} 0-1